| 000 | 00936nam a2200265 a 4500 | ||
|---|---|---|---|
| 999 |
_c2339 _d2339 |
||
| 008 | 200310s2018 ii ad||g m|||a00| 0 eng d | ||
| 040 |
_aKO _beng |
||
| 041 | 0 | _aeng | |
| 044 | _aii | ||
| 082 | 0 | 4 |
_223 _a378.242 _bIRM1702 |
| 100 | 1 |
_aBalagopal, Adithya _eResearcher |
|
| 245 | 1 | 2 |
_aA Study on Dart Global Logistics Pvt Ltd, Kochi : _bInternship Report / _cAdithya Balagopal ; Guide Dr. Yogamala H. L. |
| 260 |
_aKochi : _bIndian Maritime University, _c2018 |
||
| 300 |
_a55 p. : _bill., charts ; _c29 cm. |
||
| 490 | 0 |
_aMBA Internship 2017-19 ; _v1705305002 |
|
| 502 | _aInternship (MBA)–Indian Maritime University. School of Maritime Management, 2019. | ||
| 610 | 2 | 0 | _aDart Global Logistics Pvt Ltd (Kochi) |
| 650 | 0 | _aGlobal Positioning System | |
| 650 | 0 | _aBusiness logistics | |
| 655 | 7 |
_2lcsh _aDissertations, Academic _y2018 |
|
| 700 | 1 |
_aH. L., Yogamala _cDr. _eGuide |
|
| 904 | _aReshma_R | ||
| 942 | _cTH | ||